000 00607nam a22002297a 4500
005 20170124110125.0
010 _aA-839681
020 _c00.00
035 _aA-839681
037 _bCen Lib/Ret
040 _aDPL
_bEN
082 _aN
_bQIA
100 _aQiang, Wu
_931407
245 _aRed sun /
_cby Wu Qiang; translated by A.C.Barnes
250 _a3rd ed
260 _bForeign Language Press
_c1980
_aBeijing
270 _a24 Baiwanzhuang Road
300 _a667p. :
_c19cm(Hb)
_bcol.ill.
650 _aFiction--English
_923689
650 _aEnglish Literature
_9102277
942 _2ddc
_cEN
_hN
_mQIA
999 _c131297
_d131297